[Event "EIWCC 2017"]
[Site "Riga"]
[Date "2017.04.16"]
[Round "6"]
[White "Makka, Ioulia"]
[Black "Paramzina, Anastasya"]
[Result "1-0"]
[WhiteElo "2069"]
[BlackElo "2202"]
[Annotator "TA"]
[PlyCount "53"]
[EventDate "2017.??.??"]
[EventType "swiss"]
[EventCountry "LAT"]
[SourceTitle "playchess.com"]
[Source "ChessBase"]
[SourceQuality "1"]

{[%evp 16,53,16,23,17,-31,-36,-40,-38,-35,-33,-51,-41,-43,-58,-49,144,129,118,114,220,229,230,230,252,231,393,393,387,390,382,381,368,268,268,268,1138,1035,927,584]} 1. e4 c5 2. Nf3 d6 3. d4 cxd4 4. Nxd4 Nf6 5. Nc3 a6 6. g3 e5 7. Nde2 Be7 8. Bg2 O-O 9. a4 Be6 {B91: Sicilian Najdorf: 6 g3} (9... Nc6 10. O-O Nb4 11. Be3 Be6 12. Qd2 d5 13. exd5 Nbxd5 14. Bg5 Nxc3 15. Nxc3 Qc7 16. Rfe1 h6 17. Bxf6 Bxf6 18. Nd5 Bxd5 19. Qxd5 {½-½ (54) Ponomariov,R (2706)-Gelfand,B (2734) Almaty 2016}) 10. Nd5 $146 (10. O-O Nbd7 11. h3 Qc7 12. g4 Rfc8 13. Ng3 g6 14. g5 Ne8 15. h4 Ng7 16. Kh2 Qd8 17. f4 exf4 18. Bxf4 Ne5 19. Bxe5 dxe5 {0-1 (37) Kovalev,V (2568)-Ter Sahakyan,S (2575) Kocaeli 2013}) 10... Nxd5 11. exd5 Bf5 {Black is slightly better.} 12. a5 Nd7 13. O-O Rc8 14. Nc3 Rc5 15. h4 {Black must now prevent g4.} Rxa5 $2 (15... h6 $15 {keeps the upper hand.}) 16. Rxa5 $16 Qxa5 {[#]} 17. g4 $1 {[%cal Bg3g4,Bg4g5][%mdl 32]} Bxc2 (17... Bxg4 $16 18. Qxg4 f5) 18. Qxc2 $18 Bxh4 19. Qf5 Nc5 {[#]} 20. g5 $1 Qb4 $2 (20... h6 21. gxh6 g6) 21. Ne4 Nxe4 22. Bxe4 {[%csl Ge4][%cal Rf5h7,Bg2e4,Be4f5,Bf5e6][%mdl 32]} g6 23. Qg4 f5 24. Bxf5 ({Less strong is} 24. Qxh4 Qc4 $16) 24... Bxf2+ 25. Kg2 {Threatening mate with Be6+.} ({Weaker is} 25. Rxf2 Qc5 26. Be6+ Kg7 $11) 25... Qc5 $2 (25... Bc5) 26. Be6+ Kg7 27. Qe2 1-0

[Event "EIWCC 2017"]
[Site "Riga"]
[Date "2017.04.16"]
[Round "6"]
[White "Beydullayeva, Govhar"]
[Black "Toma, Katarzyna"]
[Result "1/2-1/2"]
[WhiteElo "2054"]
[BlackElo "2229"]
[Annotator "TA"]
[PlyCount "149"]
[EventDate "2017.??.??"]
[EventType "swiss"]
[EventCountry "LAT"]
[SourceTitle "playchess.com"]
[Source "ChessBase"]
[SourceQuality "1"]

{[%evp 13,149,0,7,-22,0,-40,-28,-35,-31,-26,-22,-65,-45,-41,-36,-47,-37,-48,-44,-39,-44,-47,-43,-52,-33,-111,-106,-107,-99,-99,-106,-99,-95,-100,0,0,0,0,0,-15,0,0,0,0,0,0,0,0,0,0,0,0,0,-182,-182,-206,-195,-206,-199,-225,-224,-239,-226,-254,-240,-302,-307,-704,-681,-634,-392,-380,-198,-233,-110,-112,-90,-112,-97,-120,-36,-54,-48,-84,-83,-126,-124,-143,-125,-109,-22,-142,-93,-268,0,0,0,0,0,0,0,0,0,0,0,0,0,0,0,0,0,0,0,-8,0,0,0,0,0,0,0,0,0,0,0,-8,0,0,0,-8,-8,-8,0,-8,0,0,0,-8]} 1. c4 g6 2. g3 Bg7 3. Bg2 d6 4. Nc3 e5 5. e3 Nc6 6. Nge2 Be6 7. Nd5 Qd7 8. Nec3 {A25: English Opening vs King's Indian with ...Nc6 but without early d3} (8. d3 Nd8 9. b3 c6 10. Ndc3 Nh6 11. Ba3 f6 12. d4 Ndf7 13. h3 Qc7 14. O-O Rd8 15. d5 Bc8 16. b4 Nf5 17. dxc6 bxc6 {1-0 (24) Gonzalez Vidal,Y (2546)-Leon Valdes,J (2311) Villahermosa 2016}) 8... Nd8 9. b3 $146 c6 10. Nb4 {Black has an edge.} Bh3 11. Bxh3 Qxh3 12. Qf3 (12. Ne4 $2 Qg2 13. Nxd6+ Ke7 $19) 12... f5 13. Bb2 a5 14. Nc2 Nf6 15. O-O-O O-O 16. d4 e4 17. Qe2 Nf7 {[%cal Bd8f7,Bf7g5,Bg5e4][%mdl 32]} 18. Kb1 Ng4 19. f3 (19. Na4 $15) 19... exf3 $17 20. Qxf3 Rae8 21. Rde1 Ng5 22. Qf4 Ne4 23. Nxe4 Rxe4 ({Better is} 23... fxe4 $17 24. Qxd6 Nf2) 24. Qxd6 $11 Nf2 25. Rhg1 Qxh2 26. Ba3 (26. d5 $2 Bxb2 27. dxc6 Be5 28. Qd5+ Kh8 29. cxb7 Bxg3 $19) 26... Rfe8 27. Qd7 Ng4 {[%cal Rg4e3]} 28. Rh1 (28. Qxb7 Nxe3 29. Nxe3 Rxe3 $17) 28... Qxg3 29. Bd6 $1 {[%cal Rd6g3]} (29. Qxb7 Nxe3 30. Rc1 (30. Qxc6 $2 Nxc2 31. Rxe4 Nxa3+ 32. Kb2 Qf2+ 33. Kxa3 Bf8+ 34. c5 Rxe4 $19) 30... Nxc2 31. Rxc2 Qd3 $19) 29... Qg2 30. Be5 R4xe5 31. dxe5 Rxe5 32. Qc8+ $1 Bf8 33. Qd7 $2 (33. e4 $11 {and White stays safe.} Rxe4 34. Rxe4 (34. Qxb7 h5 $11) (34. Reg1 Qf3 $15) 34... fxe4 35. Qe6+ Kh8 36. Re1) 33... Re7 $19 34. Qd8 Qe4 35. Rhf1 {[#]} a4 $1 {[%mdl 512]} 36. Rf4 (36. bxa4 Qxc4) 36... Qe5 37. Qd4 axb3 38. axb3 Qe6 39. e4 Bg7 $1 {[%cal Rg7d4]} 40. Qd2 $2 (40. Qd8+ Re8 41. Qa5) 40... Qe5 {[%csl Gg7][%cal Re5b2]} (40... fxe4 41. Rexe4 (41. Rfxe4 Qxe4 42. Rxe4 Rxe4 $11) 41... Qxe4 42. Rxe4 Rxe4 43. Qd8+ Bf8 44. Qc8 $11) 41. Qc1 Qc3 42. Qa3 Re8 (42... h5 $142 43. Rd1 Re8) 43. Rff1 fxe4 {[#]} (43... Bf8 44. Qb2 Qxb2+ 45. Kxb2) (43... h5 $19 {is more deadly.} 44. exf5 Ne3 45. Nxe3 Rxe3 46. Rxe3 Qxe3) 44. Rxe4 $1 $17 {[%mdl 512]} Ne5 (44... Rxe4 45. Qa8+) 45. Re3 Qd2 46. Rfe1 b6 (46... h5 $17) 47. Qb4 $15 Qd8 48. Qc3 Qg5 49. Qd4 h5 $1 50. Re4 ({Reject} 50. Qxb6 $6 Qf6 $11) 50... Kh7 $1 {Hoping for ...Nf3.} 51. Qxb6 {[#]} Rf8 ({Black should play} 51... Qf6 $1 $17 52. Qd4 c5) 52. Qc5 {[#]} (52. Qe3 $1 $11 Qxe3 53. R4xe3 (53. R1xe3 Nf3 54. Rd3 h4 $11) (53. Nxe3 g5 $11)) 52... Rf5 $1 $17 {And now ...Nf3 would win.} 53. Qa7 $2 (53. Qd6 $17 {was necessary.}) 53... Nf3 $2 (53... Nd3 $19 {White must now prevent ...Ra5.} 54. Re7 (54. Rd1 $2 Qf6 55. Qxg7+ Kxg7 $19) 54... Qf6 55. Rxg7+ Qxg7 56. Qxg7+ Kxg7) 54. Re7 $11 {The position is equal.} Nd2+ 55. Kc1 Nxb3+ 56. Kb1 Nd2+ 57. Kc1 Nxc4+ 58. Ne3 Qh6 {[#]} 59. Rxg7+ $1 {[%mdl 512]} Qxg7 60. Qxg7+ Kxg7 61. Nxf5+ gxf5 {[%mdl 4096] Endgame KR-KN} 62. Kd1 Kf6 63. Ke2 f4 64. Rh1 Kg5 65. Rg1+ Kf5 66. Rh1 Ke4 67. Rxh5 Ne5 68. Rh8 c5 69. Rf8 c4 70. Kd2 f3 71. Kc3 Ke3 {Threatens to win with ...f2.} 72. Rf5 Ke4 73. Rf8 Kd5 74. Rf5 Ke6 75. Rxf3 1/2-1/2

[Event "EIWCC 2017"]
[Site "Riga"]
[Date "2017.04.16"]
[Round "6"]
[White "Grapsa, Georgia"]
[Black "Malakhova, Elizaveta"]
[Result "0-1"]
[WhiteElo "2049"]
[BlackElo "2324"]
[Annotator "TA"]
[PlyCount "76"]
[EventDate "2017.??.??"]
[EventType "swiss"]
[EventCountry "LAT"]
[SourceTitle "playchess.com"]
[Source "ChessBase"]
[SourceQuality "1"]

{[%evp 12,76,52,43,48,34,45,42,42,43,52,28,41,33,44,44,53,27,25,26,16,-62,-56,-64,-54,-64,-70,-76,-74,-73,-61,-262,-265,-357,-334,-462,-466,-444,-447,-260,-202,-204,-173,-341,-119,-364,-224,-206,-234,-204,-224,-225,-199,-225,-179,-198,-199,-331,-309,-2358,-560,-2321,-972,-29995,-29996,-29998,-29999]} 1. d4 e6 2. c4 f5 3. g3 Nf6 4. Bg2 Be7 5. Nh3 O-O 6. O-O d6 7. Nc3 e5 {A91: Classical Dutch: Early Deviations} 8. b3 (8. c5 Kh8 9. cxd6 cxd6 10. dxe5 dxe5 11. Qxd8 Rxd8 12. Be3 Nc6 13. Ng5 Kg8 14. Rad1 e4 15. Rxd8+ Bxd8 16. f3 h6 17. Nh3 exf3 18. exf3 {½-½ (18) Nisipeanu,L (2692)-Azarov,S (2605) Bucharest 2008}) 8... a5 9. f3 $146 {[%cal Bf2f3,Bf3f4][%mdl 32]} (9. Bb2 Nc6 10. dxe5 dxe5 11. Qxd8 Bxd8 12. Rfd1 h6 13. Bxc6 bxc6 14. f3 Re8 15. Nf2 {1-0 (48) Iordachescu,V (2583)-Carmaciu,L (2398) Mamaia 2015}) 9... Na6 {White is slightly better.} 10. e3 Qe8 11. Ba3 Nb4 12. Qd2 Qh5 13. Nf2 Qh6 14. f4 e4 15. g4 Qg6 16. Kh1 ({White should try} 16. g5 $11 Nd7 17. Qe2) 16... Nxg4 $15 17. Nxg4 Qxg4 18. Bxb4 axb4 19. Nd5 Bd8 20. Qxb4 Ra6 21. c5 $2 (21. Qd2 $15) 21... dxc5 $19 22. Qxc5 Rh6 (22... Rg6 23. Rg1 $17) 23. Ne7+ Bxe7 $1 24. Qxe7 Qg3 $1 {[%csl Gh6][%cal Rg3h2]} 25. h3 Rg6 {[%csl Gg6][%cal Rg3g2]} (25... Qxe3 26. Qxc7 b6 27. Qc4+ Be6 28. Qc2 $19) (25... Rxh3+ 26. Bxh3 Qxh3+ 27. Kg1 $17) 26. Rg1 {White hopes to continue with Rae1.} c6 $40 {[%mdl 128] Black goes for the king.} 27. Rad1 $2 (27. Rae1 {was forced.}) 27... Be6 $2 (27... Qxe3 $19 {and Black stays clearly on top. ...Be6 is the strong threat.} 28. d5 Qxf4) 28. Qxb7 $2 (28. Rde1 $17) 28... Bf7 {White must now prevent ...Rh6.} ({Don't play} 28... Qxe3 29. Qxc6 Bxb3 30. Qc1 Qxc1 31. Rxc1 Bxa2 32. Rc7 $19) 29. Qb4 ({Don't choose} 29. Rde1 $2 Rh6 30. Re2 Bh5 $19) 29... Qxe3 30. Qd2 Qg3 31. Rde1 Qh4 32. Kh2 Rg3 {Strongly threatening ...e3!} 33. Ref1 {[#]} Rd3 $1 34. Qc1 (34. Qf2 {was worth a try.} Qxf2 35. Rxf2) 34... Bd5 ({But not} 34... Ra8 35. Qxc6 Rd8 36. Qc2 $19) 35. Rd1 $2 (35. Qe1 Qxe1 36. Rxe1) 35... Qg3+ 36. Kh1 {[#]} Rf3 $1 {[%mdl 512] ( -> ...e3!)} 37. Rdf1 {[#]} (37. Bxf3 Qxh3#) 37... e3 $1 {[%mdl 512]} 38. Qe1 {[#]} Qxh3+ $1 {[%mdl 512]} 0-1

[Event "EIWCC 2017"]
[Site "Riga"]
[Date "2017.04.16"]
[Round "6"]
[White "Maklakova, Nellija"]
[Black "Isgandarova, Khayala"]
[Result "0-1"]
[WhiteElo "1829"]
[BlackElo "2211"]
[Annotator "TA"]
[PlyCount "58"]
[EventDate "2017.??.??"]
[EventType "swiss"]
[EventCountry "LAT"]
[SourceTitle "playchess.com"]
[Source "ChessBase"]
[SourceQuality "1"]

{[%evp 12,58,2,8,2,0,0,0,7,-14,-12,-228,-230,-410,-337,-507,-545,-525,-521,-743,-443,-674,-671,-637,-445,-448,-421,-431,-424,-556,-544,-520,-448,-450,-425,-445,-445,-452,-442,-443,-439,-428,-410,-442,-435,-716,-598,-1137,-1130]} 1. e4 e6 2. d4 d5 3. Nd2 c5 4. exd5 Qxd5 5. dxc5 Bxc5 6. Ngf3 Nf6 7. Bd3 Nc6 {C07: French Tarrasch: 3...c5, 4 Ngf3 and 4 exd5 Qxd5} (7... O-O 8. Qe2 Nbd7 9. Nb3 Bb6 10. Be3 Bxe3 11. Qxe3 Ng4 12. Qe2 Nge5 13. O-O-O Nxd3+ 14. Rxd3 Qb5 15. Rhd1 a5 {½-½ (129) Vovk,A (2642)-Nevednichy,V (2557) Cappelle-la-Grande 2015}) 8. a3 O-O 9. O-O e5 {Hoping for ...e4.The position is equal.} 10. Bc4 Qd6 {White must now prevent ...e4.} 11. h3 $146 (11. Bd3 $11) (11. Ng5 Bg4 12. Qe1 Bb6 13. Bd3 Bh5 14. Nc4 Qc7 15. Nxb6 Qxb6 {1-0 (28) Sunara,T (2035)-Vukusic,Z (2089) Stobrec 2006}) 11... e4 $19 12. Ne1 $2 (12. Ng5 {keeps fighting.} e3 13. Nb3 exf2+ 14. Kh1) 12... e3 13. fxe3 (13. Nd3 {was called for.} exd2 14. Qxd2) 13... Bxe3+ 14. Kh1 {[#]} Ne4 $1 {[%mdl 512] ( -> ...Ng3+)} 15. Rf3 (15. Nxe4 Qxd1) 15... Bxd2 (15... Nxd2 $2 16. Bd3 Bg1 17. Kxg1 Nxf3+ 18. Qxf3 $19) 16. Bd3 (16. Bxd2 $142 Qxd2 17. Qxd2 Nxd2 18. Rc3) 16... Bxc1 17. Rxc1 Qd4 18. Qe2 Nf6 {[%cal Be4f6,Bf6g4,Bg4f2][%mdl 32]} 19. c3 Qh4 20. Re3 Ng4 21. Re8 Nf2+ 22. Kg1 Nxd3 23. Rxf8+ Kxf8 24. Qxd3 Qg5 25. Rd1 Bf5 26. Qd6+ Kg8 {aiming for ...Rd8.} 27. Qc5 Re8 {Black is clearly winning.} 28. g4 (28. Nf3 $142 Qf4 29. Qd6) 28... Re5 29. Qf2 {[#] Threatens to win with Nf3.} Bxg4 $1 0-1

[Event "EIWCC 2017"]
[Site "Riga"]
[Date "2017.04.17"]
[Round "7"]
[White "Muzychuk, Anna"]
[Black "Paehtz, Elisabeth"]
[Result "1/2-1/2"]
[WhiteElo "2587"]
[BlackElo "2454"]
[Annotator "TA"]
[PlyCount "45"]
[EventDate "2017.??.??"]
[EventType "swiss"]
[EventCountry "LAT"]
[SourceTitle "playchess.com"]
[Source "ChessBase"]
[SourceQuality "1"]

{[%evp 9,45,21,22,17,22,18,20,15,21,20,21,0,0,0,0,0,0,0,0,0,6,0,0,0,12,0,0,0,0,0,21,0,0,0,0,0,0,-29]} 1. e4 c5 2. Nf3 Nc6 3. Nc3 e5 4. Bc4 Be7 5. d3 Nf6 {The position is equal.} 6. Bg5 {B30: Sicilian: 2...Nc6 3 Bb5, lines without ...g6} d6 7. Bxf6 Bxf6 8. Nd5 O-O 9. c3 Rb8 10. a3 {[%cal Ba2a3,Ba3a4][%mdl 32]} b5 11. Ba2 a5 $146 (11... Be6 12. Qd2 a5 13. a4 b4 14. Bc4 Bxd5 15. Bxd5 {½-½ (15) Timman,J (2629)-Kramnik,V (2772) Wijk aan Zee 2001}) 12. a4 b4 13. Bc4 ({Of course not} 13. Nxf6+ Qxf6 14. Bc4 Ne7 $17) 13... Be6 14. O-O Bg5 15. Nxg5 Qxg5 16. Ne3 Qg6 17. Qc2 Ne7 {[%cal Bc6e7,Be7g6,Bg6e5][%mdl 32]} 18. f4 exf4 19. Rxf4 Qh6 20. Raf1 Ng6 21. Nf5 Bxf5 22. Rxf5 {[%cal Rc4f7]} Ne5 23. Qf2 1/2-1/2

[Event "EIWCC 2017"]
[Site "Riga"]
[Date "2017.04.17"]
[Round "7"]
[White "Lagno, Kateryna"]
[Black "Zhukova, Natalia"]
[Result "1/2-1/2"]
[WhiteElo "2543"]
[BlackElo "2438"]
[Annotator "TA"]
[PlyCount "159"]
[EventDate "2017.??.??"]
[EventType "swiss"]
[EventCountry "LAT"]
[SourceTitle "playchess.com"]
[Source "ChessBase"]
[SourceQuality "1"]

{[%evp 23,159,55,65,32,37,36,36,53,83,64,75,81,83,78,109,89,112,116,127,114,140,140,152,140,150,108,172,172,182,145,182,182,182,182,182,182,182,182,182,182,182,182,308,290,248,182,342,182,182,182,182,182,182,182,182,182,182,182,182,182,182,182,214,182,182,182,182,175,175,175,298,231,253,175,175,175,175,175,175,157,174,119,119,119,119,119,119,119,119,119,119,119,119,119,119,97,97,97,97,0,112,112,106,0,97,97,97,16,16,16,16,16,40,23,23,23,24,24,68,68,84,68,68,68,68,68,68,68,68,68,68,68,68,68,68,68,68,68]} 1. e4 e5 2. Nf3 Nc6 3. Bb5 a6 4. Ba4 d6 5. O-O Bd7 6. d4 Nxd4 7. Bxd7+ Qxd7 8. Nxd4 exd4 9. Qxd4 Ne7 {C72: Ruy Lopez: Deferred Steinitz: 5 0-0} 10. Nc3 Nc6 11. Qd3 Be7 12. Nd5 O-O {LiveBook: 7 Games} 13. b3 Rae8 14. Bb2 Bd8 15. f4 {[%cal Bf2f4,Bf4f5][%mdl 32]} Kh8 $146 (15... f5 16. exf5 Qxf5 17. Qc4 Qf7 18. Qc3 Nb8 19. Rf3 Nd7 20. Rg3 Nf6 21. Rd1 c6 22. Nxf6+ Bxf6 23. Qxf6 Qxf6 {½-½ (23) Almasi,Z (2719)-Sokolov,I (2643) Nakhchivan 2011}) 16. Rae1 f6 17. c4 $40 {[%mdl 128] White wants a kill.} Ne7 18. f5 Nxd5 19. exd5 ({Much weaker is} 19. cxd5 $6 c5 $11) (19. Qxd5 $6 c6 20. Qd3 Bb6+ 21. Bd4 Bxd4+ 22. Qxd4 Rd8 $11) 19... Rxe1 20. Rxe1 Re8 21. Re6 Re7 22. g4 Kg8 23. h4 Qe8 24. Qe3 b6 (24... Rxe6 $16 25. dxe6 h5) 25. a4 $18 a5 26. Kg2 Kf8 27. Qe4 Qf7 28. Bc3 h6 29. Bd2 Re8 30. Kf3 Qd7 31. Bc3 Qf7 32. Ke2 Be7 (32... Re7 {might work better.} 33. Kd3 Kg8) 33. Kd3 Bd8 34. Qf4 Qd7 $2 (34... Re7 {was necessary.} 35. Qe4 Re8) 35. Bd2 (35. g5 $142 {[%cal Rg5f6]} fxg5 36. Qe4) 35... Qf7 36. Qe4 Be7 37. Bf4 Rc8 38. Qe1 Ra8 39. Kc2 Rc8 40. Qe2 Ra8 41. Bd2 Rd8 42. Bc3 Ra8 43. Kd3 {[%cal Bc2d3,Bd3e4,Be4f3,Bf3g3,Bg3g2][%mdl 32]} Rc8 44. Ke4 Re8 45. Kf3 Rd8 46. Kg3 Ra8 (46... Rd7 $142 47. Bd4 Kg8) 47. Qf3 Re8 48. Kg2 Bd8 49. Qg3 Re7 50. Qe1 Qe8 51. Qe3 Qf7 52. Rxe7 (52. Qe4 $18) 52... Bxe7 53. Qe6 {Hoping for Qc8+.} Qe8 54. Kf3 Qd8 55. Ke4 Qe8 56. Kd3 Qd8 57. Bd2 Qe8 58. Kc3 Qd8 59. b4 axb4+ 60. Kb3 Qe8 61. Bxb4 (61. Kxb4 $16 Bd8 62. h5) 61... Qa8 (61... h5 $11) 62. Qd7 $16 Qd8 63. Qe6 Qa8 $1 64. Bc3 Qe8 65. a5 (65. h5 $16) 65... bxa5 $11 66. Bxa5 Qa8 67. Bb4 c5 {[#] Threatens to win with ...Qb8.} 68. dxc6 Qxc6 69. Qd5 Qb6 70. Qa8+ Kf7 71. Ka4 Qd4 72. Qd5+ (72. Kb5 $5 {seems wilder.} Qb2 73. Qd5+ Ke8 74. Ka5 Qe5 75. Qb5+) 72... Qxd5 {White is slightly better.} 73. cxd5 $14 {[%mdl 4096] [#] Endgame And now Kb5 would win. KB-KB} Ke8 74. Kb5 {Black must now prevent Kc6.} Kd7 75. Kb6 Bd8+ 76. Kb7 Be7 77. Bc3 Bd8 78. h5 Be7 79. Ba5 Bf8 $1 80. Bb6 1/2-1/2

[Event "EIWCC 2017"]
[Site "Riga"]
[Date "2017.04.17"]
[Round "7"]
[White "Stefanova, Antoaneta"]
[Black "Osmak, Iulija"]
[Result "0-1"]
[WhiteElo "2527"]
[BlackElo "2348"]
[Annotator "TA"]
[PlyCount "140"]
[EventDate "2017.??.??"]
[EventType "swiss"]
[EventCountry "LAT"]
[SourceTitle "playchess.com"]
[Source "ChessBase"]
[SourceQuality "1"]

{[%evp 22,140,0,0,-2,-20,-1,-21,-19,-27,-20,-30,-22,-66,-65,-41,-20,-43,-38,-33,-35,-72,0,-18,0,-54,-12,-52,-44,-81,0,0,0,0,0,0,0,0,0,0,0,0,0,0,0,0,0,-3,0,0,0,-93,-45,-85,-83,-102,-99,-122,-122,-99,-86,-96,-86,-91,-95,-95,-87,-106,-94,-192,-171,-183,-180,-204,-200,-213,-200,-206,-205,-208,-187,-187,-170,-213,-197,-196,-214,-184,-212,-205,-163,-339,-339,-339,-240,-29969,-29968,-29977,-29978,-29976,-29978,-29978,-29979,-29979,-29978,-29978,-29979,-29979,-29980,-29980,-29981,-29982,-29980,-29982,-29980,-29980,-29981,-29981,-29979,-29979,-29979]} 1. Nf3 d5 2. g3 Bg4 3. Bg2 Nd7 4. c4 e6 5. cxd5 exd5 6. Nc3 c6 7. d3 Ngf6 8. h3 Bxf3 9. Bxf3 Bc5 10. O-O O-O {A11: English Opening: 1...c6} 11. e4 dxe4 12. dxe4 {LiveBook: 5 Games} Re8 {The position is equal.} (12... Qc7 13. Kg2 Rfe8 14. Qc2 Qe5 15. Bf4 Qe7 16. Kh2 Ne5 17. Bg2 Bd4 18. Ne2 {½-½ (66) Anand,V (2779)-Mchedlishvili,M (2601) Doha 2016}) 13. Qc2 Qe7 $146 (13... Ne5 14. Be2 {0-1 (39) Ninov,K (2415)-Savchenko,S (2570) Cap d'Agde 1994}) 14. Bd2 Rad8 {[%cal Ba8d8,Bd8d7,Bd7d3][%mdl 32]} 15. Rae1 Ne5 16. Bg2 Qd6 17. Be3 Bxe3 $1 18. Rxe3 Qc5 19. Kh1 Rd7 20. Re2 Red8 21. Na4 Qa5 (21... Qxc2 $17 22. Rxc2 Nd3) 22. Nc3 Qc5 23. a3 ({White should try} 23. Na4 $11 Qb4 24. Nc3) 23... Nc4 24. Qc1 Rd3 25. Rc2 Nd2 ({Better is} 25... Qe5 $17) 26. Nb1 $1 $11 Qd4 $1 27. Nxd2 Rxd2 28. Rxd2 Qxd2 29. e5 Ne8 30. Qc5 Qxb2 31. Qxa7 g6 32. Qa5 Rd3 33. a4 Rd7 34. h4 Nc7 35. Kg1 Ne6 36. Re1 (36. Bh3 $11 {keeps the balance.}) 36... Rd2 37. Rf1 Re2 38. Qa8+ Kg7 39. Qb8 Nc5 ({Don't do} 39... Rxe5 40. Bxc6 $1 {[%mdl 512]} b6 41. Kg2 $11) 40. a5 Qxe5 (40... Qc3 $5 {seems wilder.} 41. Rd1 Qc2 42. Rf1 Qb2 43. Bf3 Qxe5 44. Qxe5+ Rxe5 45. Rb1 Re7) 41. Qxe5+ Rxe5 $17 {[%mdl 4096] Endgame KRB-KRN} 42. Rb1 Re7 43. Bf1 Kf8 44. Rb6 Ke8 45. a6 (45. Rb1 $17 {was called for.}) 45... Nxa6 $19 46. Bxa6 bxa6 47. Rxc6 {[#] KR-KR} Ra7 $1 48. Kf1 a5 49. Rc3 a4 50. Ra3 Kd7 {Threatens to win with ...Kc6.} 51. Ke2 Kc6 {White must now prevent ...Kc5.} 52. Kd3 Kb5 53. Kc2 Re7 54. Rf3 f5 55. h5 Kb4 56. hxg6 $2 (56. h6) 56... hxg6 {[%cal Bh7g6,Bg6f5][%mdl 32]} 57. g4 Re5 (57... fxg4 58. Rf4+ Ka3 59. Rxg4 $17) 58. Kd1 $2 (58. gxf5 $19 Rxf5 59. Rg3) 58... Rc5 {Black mates.} 59. gxf5 gxf5 (59... Rxf5 $2 60. Rg3 $19) 60. Rf4+ Kb3 (60... Rc4 61. Rxf5 a3 62. Rf7 $19) 61. Rf3+ Kb2 62. Rf4 Rd5+ 63. Ke2 a3 {[%cal Ba4a3,Ba3a2][%mdl 32]} 64. Rb4+ Kc3 65. Ra4 Kb3 66. Ra8 Rb5 67. Kd2 Kb2 68. Rc8 a2 69. Rc2+ Ka3 70. Rc3+ Rb3 0-1

[Event "EIWCC 2017"]
[Site "Riga"]
[Date "2017.04.17"]
[Round "7"]
[White "Pogonina, Natalija"]
[Black "Gara, Ticia"]
[Result "1-0"]
[WhiteElo "2478"]
[BlackElo "2325"]
[Annotator "TA"]
[PlyCount "73"]
[EventDate "2017.??.??"]
[EventType "swiss"]
[EventCountry "LAT"]
[SourceTitle "playchess.com"]
[Source "ChessBase"]
[SourceQuality "1"]

{[%evp 7,73,10,16,0,4,8,6,0,22,14,17,20,13,0,2,0,13,11,14,10,12,11,13,12,12,12,12,16,12,15,21,22,14,8,11,8,12,9,10,10,10,10,28,25,37,29,31,30,30,28,37,37,37,31,52,22,22,9,22,21,262,262,361,361,358,354,354,354]} 1. d4 Nf6 2. c4 e6 3. Nf3 d5 4. e3 Bb4+ 5. Bd2 {D30: Queen's Gambit Declined: Systems without Nc3} (5. Nbd2 O-O 6. a3 Be7 7. b4 a5 8. b5 c5 9. bxc6 bxc6 10. c5 Nfd7 11. Bb2 e5 12. dxe5 Nxc5 13. Be2 Qb6 14. Bc3 Ba6 15. O-O Nbd7 16. Rb1 Bxe2 17. Qxe2 Qa6 18. Qxa6 Rxa6 {½-½ (18) Markus,R (2652)-Palac,M (2577) Mali Losinj 2016}) 5... Be7 6. Nc3 O-O 7. Qc2 {The position is equal.} c5 8. dxc5 Bxc5 9. cxd5 exd5 10. Be2 $146 (10. Nb5 Bb6 11. Nbd4 Nc6 {½-½ (11) Johansen,D (2458)-Zhao,Z (2455) Tuggeranong 2007}) 10... Nc6 11. O-O Bg4 12. Rfd1 Qe7 13. Be1 Rac8 14. Nxd5 Nxd5 15. Rxd5 Bxe3 $1 16. Qd3 Bh6 17. Ng5 Bxg5 18. Bxg4 Ne5 19. Rxe5 Qxe5 20. Bxc8 Rxc8 21. Bc3 Qc7 22. Re1 h6 23. g3 Qc6 24. Qf5 Re8 25. Rxe8+ Qxe8 26. h4 Bd8 $1 27. Qg4 {[%csl Gc3][%cal Rg4g7] [#]} f6 $1 28. Qc8 $36 {[%mdl 2048] White is more active.} Qe7 29. Qa8 b6 $1 30. Qd5+ Kh7 31. Bd2 Bc7 32. Be3 Bd6 33. Kg2 Qe5 $2 {[#]} (33... Be5 $11) 34. Qd3+ $1 $18 Kg8 35. Bf4 {White is winning.} Qxb2 36. Qd5+ ({Don't play} 36. Qxd6 Qxa2 37. Qb8+ Kh7 $18) 36... Kh7 37. Bxd6 1-0

[Event "EIWCC 2017"]
[Site "Riga"]
[Date "2017.04.17"]
[Round "7"]
[White "Socko, Monika"]
[Black "Kashlinskaya, Alina"]
[Result "1/2-1/2"]
[WhiteElo "2462"]
[BlackElo "2426"]
[Annotator "TA"]
[PlyCount "91"]
[EventDate "2017.??.??"]
[EventType "swiss"]
[EventCountry "LAT"]
[SourceTitle "playchess.com"]
[Source "ChessBase"]
[SourceQuality "1"]

{[%evp 22,91,25,31,33,17,33,10,40,43,51,52,51,47,60,49,56,35,45,45,33,34,47,51,47,41,47,52,50,39,47,0,6,11,27,28,27,0,8,-24,-24,-24,-17,-21,-25,-36,0,0,0,0,4,4,22,22,22,9,22,22,22,22,22,22,22,22,28,25,25,8,84,84,84,91]} 1. d4 Nf6 2. c4 e6 3. Nf3 d5 4. Nc3 Bb4 5. cxd5 exd5 6. Qa4+ Nc6 7. Bg5 h6 8. Bxf6 Qxf6 9. e3 O-O 10. Be2 Qg6 {D38: Queen's Gambit Declined: Ragozin Defence (4 Nf3 Bb4)} 11. O-O Bh3 12. Ne1 {LiveBook: 4 Games} Rfd8 {White is slightly better.} 13. Rc1 a6 14. Qd1 $146 (14. a3 $5 {creates asymmetry.} Bf8 15. Bd3 Bf5 16. Qc2 Bxd3 17. Nxd3 Qf5 18. Na4) (14. Kh1 Be6 15. Nd3 Bd6 16. Rfd1 Ne7 17. Nc5 Bc8 18. Qb3 {1-0 (65) Radjabov,T (2724)-Fedoseev,V (2662) Dubai 2014}) 14... Bf5 (14... Be6 $5 {looks sharper.} 15. a3 Bd6 16. Bd3 Qf6 17. Nf3 g5) 15. Nd3 Bxd3 16. Bxd3 Qe6 17. Na4 Qe7 18. a3 Bd6 19. Qg4 Qg5 20. Qxg5 hxg5 21. Nc5 Rab8 22. Nxa6 bxa6 23. Rxc6 {aiming for b4.} Rxb2 24. a4 a5 25. Ra6 Rd2 26. Bb5 c5 27. dxc5 Bxc5 28. Rxa5 d4 29. Bc4 Rc8 30. Bb3 {Rc1 is the strong threat.} dxe3 31. fxe3 Bxe3+ 32. Kh1 Rf2 {[%cal Rf2f1] [#]} 33. Rd1 Rd2 34. Rd5 Rxd5 35. Bxd5 $11 {[%mdl 4096] Endgame KRB-KRB} Kf8 36. a5 {[%cal Ba4a5,Ba5a6][%mdl 32]} Rc1 37. Rxc1 Bxc1 {KB-KB} 38. Kg1 Bd2 39. a6 Be3+ 40. Kf1 Ke7 41. Ke2 Bg1 42. Kd3 f6 43. Ke4 Kd6 44. Bb3 Ba7 {[#]} (44... Kc6 $11 {remains equal.}) 45. Kf5 $1 $16 Ke7 46. Bc4 1/2-1/2